El tiempo del Bicentenario / (Registro nro. 9423)

Detalles MARC
000 -CABECERA
Longitud fija campo de control 01884nam a2200373 i 4500
003 - IDENTIFICADOR DEL NUMERO DE CONTROL
Identificador del número de control CO-ViMGA
005 - FECHA Y HORA DE LA ULTIMA TRANSACCION
Fecha y hora de la última transacción 20230915224425.0
008 - CODIGOS DE INFORMACION DE LONGITUD FIJA
Códigos de información de longitud fija 201112s2019 ck a|||jr|||| 00| 0 spa d
020 ## - NUMERO INTERNACIONAL NORMALIZADO PARA LIBROS
Número Internacional Normalizado para Libros (ISBN) 9789589924846
040 ## - FUENTE DE LA CATALOGACION
Centro catalogador de origen CO-ViMGA
Lengua de catalogación spa
Centro transcriptor CO-ViMGA
043 ## - CODIGO DE AREA GEOGRAFICA
Código de área geográfica s-ck---
082 04 - NUMERO DE LA CLASIFICACION DECIMAL DEWEY
Número de clasificación (R) 986.103
Número del ítem S37e
Número de edición 22
110 1# - PUNTO DE ACCESO PRINCIPAL-NOMBRE DE ENTIDAD CORPORATIVA
Nombre de entidad corporativa o nombre de jurisdicción como elemento inicial Sistema de Medios Publicos
245 13 - TITULO PROPIAMENTE DICHO
Título El tiempo del Bicentenario /
Mención de responsabilidad, etc. Sistema de Medios Publicos ; Equipo historico Elsa Garzon Ruiz... [y otros seis]
250 ## - MENCION DE EDICION
Mención de edición Primera edicion
300 ## - DESCRIPCION FISICA
Extensión [100] paginas plegables
Otras características físicas ilustraciones, fotografi­as
Dimensiones 20 cm +
500 ## - NOTA GENERAL
Nota general Edicion coeditada por las siguientes instituciones colombianas: Fundacion Patrimonio Fi­lmico Colombiano, Fundacion BAT Colombia, Museo Nacional de Colombia e Instituto Colombiano de Antropologi­a e Historia
500 ## - NOTA GENERAL
Nota general La segunda caras plegable es una cronologia historica desde 1780 a 2010 en Colombia y el mundo
500 ## - NOTA GENERAL
Nota general La USB registra las voces de la gran mayori­a de los Presidentes de la Republica de Colombia desde 1940 hasta el presente
650 17 - PUNTO DE ACCESO ADICIONAL DE MATERIA - TERMINO DE MATERIA
Fuente del encabezamiento LEMB
Término de materia o nombre geográfico como elemento inicial Movimientos sociales
Subdivisión de materia general Historia
Subdivisión geográfica Colombia
650 17 - PUNTO DE ACCESO ADICIONAL DE MATERIA - TERMINO DE MATERIA
Fuente del encabezamiento LEMB
Término de materia o nombre geográfico como elemento inicial Mujeres en la poli­tica
Subdivisión de materia general Historia
Subdivisión geográfica Colombia
651 #4 - PUNTO DE ACCESO ADICIONAL DE MATERIA - NOMBRE GEOGRAFICO
Nombre geográfico Colombia
Subdivisión de materia general Historia
-- Campaña Libertadora 1818-2020
-- Centenarios
700 1# - PUNTO DE ACCESO ADICIONAL - NOMBRE DE PERSONA
Nombre de persona Arias Escobar, Felipe
Término indicativo de función autor
700 1# - PUNTO DE ACCESO ADICIONAL - NOMBRE DE PERSONA
Nombre de persona Nuñez Marti­nez, Felipe
Término indicativo de función autor
700 1# - PUNTO DE ACCESO ADICIONAL - NOMBRE DE PERSONA
Nombre de persona Ochoa Florez, Antonio
Término indicativo de función autor
700 1# - PUNTO DE ACCESO ADICIONAL - NOMBRE DE PERSONA
Nombre de persona Pinzon Abendaño, Eduardo
Término indicativo de función autor
700 1# - PUNTO DE ACCESO ADICIONAL - NOMBRE DE PERSONA
Nombre de persona Rodriguez Norato, Luis
Término indicativo de función autor
700 1# - PUNTO DE ACCESO ADICIONAL - NOMBRE DE PERSONA
Nombre de persona Valencia Llano, Alonso
Término indicativo de función autor
710 1# - PUNTO DE ACCESO ADICIONAL - NOMBRE DE ENTIDAD
Nombre de entidad o nombre de jurisdicción como elemento inicial Fundacion BAT. Colombia
710 1# - PUNTO DE ACCESO ADICIONAL - NOMBRE DE ENTIDAD
Nombre de entidad o nombre de jurisdicción como elemento inicial Fundacion Patrimonio Fi­lmico de Colombia
710 1# - PUNTO DE ACCESO ADICIONAL - NOMBRE DE ENTIDAD
Nombre de entidad o nombre de jurisdicción como elemento inicial Instituto Colombiano de Antropologia e Historia
710 1# - PUNTO DE ACCESO ADICIONAL - NOMBRE DE ENTIDAD
Nombre de entidad o nombre de jurisdicción como elemento inicial Museo Nacional de Colombia
942 ## - ENTRADA DE ELEMENTOS AGREGADOS (KOHA)
Fuente de clasificaión o esquema Dewey Decimal Classification
Koha [por defecto] tipo de item LIbro
Existencias
Perdido Fuente de clasificación o esquema Estado Físico No para préstamo Forma de adquisición Localización permanente Localización actual Localización en estanterías Fecha adquisición Signatura completa Código de barras Fecha última consulta Número de copia Fecha del precio de reemplazo Tipo de item de Koha Préstamos totales Coste, precio normal de compra Note pública
  Dewey Decimal Classification     Colección General Biblioteca Pública Cubarral Biblioteca Pública Cubarral General 08/11/2023 986.103 S37e CUB02958 08/11/2023 Ej.1 08/11/2023 LIbro      
  Dewey Decimal Classification     Colección General Biblioteca Pública Cumaral - Alvaro Garzon Torres Biblioteca Pública Cumaral - Alvaro Garzon Torres Literatura 07/22/2024 986.103S37e CUM1253 07/22/2024 Ej.1 07/22/2024 LIbro      
  Dewey Decimal Classification     Colección General Biblioteca Pública Dorado Biblioteca Pública Dorado General 04/24/2023 986.103 S37e DOR02894 04/24/2023 Ej.1 04/24/2023 LIbro      
  Dewey Decimal Classification     Colección General Biblioteca Pública Fuentedeoro - Henry Llanos García Biblioteca Pública Fuentedeoro - Henry Llanos García General 05/23/2023 986.103 S37e Fo0000776 05/23/2023 Ej.1 05/23/2023 LIbro      
  Dewey Decimal Classification     Colección General Biblioteca Pública José Eustasio Rivera - San Martin Biblioteca Pública José Eustasio Rivera - San Martin General 04/17/2024 986.103 S37e SM03402 04/17/2024 Ej.1 04/17/2024 LIbro      
  Dewey Decimal Classification     Colección General Biblioteca Pública Lejanias Biblioteca Pública Lejanias General 12/12/2025 986.103 S37e LEJ01708 12/12/2025 Ej.1 12/12/2025 LIbro      
  Dewey Decimal Classification     Colección General Biblioteca Pública Puerto López - Jorge Eliecer Gaitán Biblioteca Pública Puerto López - Jorge Eliecer Gaitán General 09/05/2025 986.103 S37e PLZ03146 09/05/2025 Ej.1 09/05/2025 LIbro      
  Dewey Decimal Classification     Colección General Biblioteca Pública San Carlos de Guaroa - Eduardo Carranza Biblioteca Pública San Carlos de Guaroa - Eduardo Carranza General 07/14/2025 986.103 S37e SG03769 07/14/2025 Ej.1 07/14/2025 LIbro      
  Dewey Decimal Classification     Sala General Biblioteca Comunitaria - Villavicencio Biblioteca Comunitaria - Villavicencio   03/12/2021 986.103 S37e 34590 03/12/2021   03/12/2021 LIbro   19949.00  
  Dewey Decimal Classification     Colección General Biblioteca Pública El Castillo - Alfonso Meneses Biblioteca Pública El Castillo - Alfonso Meneses General 08/16/2023 986.103 S37e EC01388 08/16/2023 Ej.1 08/16/2023 LIbro      
  Dewey Decimal Classification     Colección General Biblioteca Pública Acacias - Carlos María Hernández Rojas Biblioteca Pública Acacias - Carlos María Hernández Rojas General 01/23/2026 986.103 S37e ACA06714 01/23/2026 Ej.1 01/23/2026 LIbro      
  Dewey Decimal Classification     Colección General Biblioteca Pública Cabuyaro Biblioteca Pública Cabuyaro General 07/09/2025 986.103 S37e CAB001119 07/09/2025 Ej.1 07/09/2025 LIbro      
        Sala General Biblioteca Pública Departamental Eduardo Carranza - Villavicencio Biblioteca Pública Departamental Eduardo Carranza - Villavicencio General 09/01/2021 986.103 S37e ECA28060 11/26/2024 Ej.1 11/26/2024 LIbro     21156 | 27025
  Dewey Decimal Classification     Sala General Segundo Piso Biblioteca Pública Germán Arciniegas - Villavicencio Biblioteca Pública Germán Arciniegas - Villavicencio   03/12/2021 986.103 S37e 39044 08/10/2021   08/10/2021 LIbro   19949.00  
  Dewey Decimal Classification     Colección General Biblioteca Pública Guamal Biblioteca Pública Guamal General 04/24/2023 986.103 S37e GUA003336 04/24/2023 Ej.1 04/24/2023 LIbro      
  Dewey Decimal Classification     Colección General Biblioteca Pública Mapiripan Biblioteca Pública Mapiripan General 01/10/2024 986.103 S37e MAP00001091 01/10/2024 Ej.1 01/10/2024 LIbro      
  Dewey Decimal Classification     Colección General Biblioteca Pública Medellin del Ariari - El Castillo Biblioteca Pública Medellin del Ariari - El Castillo Referencia 11/12/2024 986.103-S37e Ej.1 BM00447 11/12/2024 Ej.1 11/12/2024 LIbro      
  Dewey Decimal Classification     Colección General Biblioteca Pública San Juan de Arama - Concepción de Arama Biblioteca Pública San Juan de Arama - Concepción de Arama General 05/29/2023 986.103 S37e SJA00062 05/29/2023 Ej.1 05/29/2023 LIbro      
  Dewey Decimal Classification     Colección General Biblioteca Pública Uribe - Reinerio Arenas Biblioteca Pública Uribe - Reinerio Arenas General 09/25/2024 986.103 S37e URI01358 09/25/2024 Ej.1 09/25/2024 LIbro      









Instituto Departamental de Cultura del Meta - Red Departamental de Bibliotecas Públicas del Meta.